[Event "CRO-chT1A 31st"]
[Site "Veli Losinj"]
[Date "2023.10.14"]
[Round "4.6"]
[White "Zelic, Mladen"]
[Black "Rogic, Davor"]
[Result "0-1"]
[WhiteElo "2256"]
[BlackElo "2435"]
[PlyCount "76"]
[EventDate "2023.10.11"]
[EventType "team-tourn"]
[EventRounds "7"]
[EventCountry "CRO"]
[SourceTitle "Mega2024 Update 01"]
[Source "Chessbase"]
[SourceDate "2023.11.12"]
[SourceVersion "1"]
[SourceVersionDate "2023.11.12"]
[SourceQuality "1"]
[WhiteTeam "Bibinje Goran"]
[BlackTeam "Solin Cemex"]
[WhiteTeamCountry "CRO"]
[BlackTeamCountry "CRO"]

1. e4 e5 2. f4 d5 3. exd5 exf4 4. Nf3 Nf6 5. Bc4 Nxd5 6. 0-0 Be6 7. Qe2 Nc6 8. d4 Qd6 9. Nc3 0-0-0 10. Ne4 Qe7 11. c3 h6 12. Nc5 Bf5 13. Qd1 Nb6 14. Bb5 Qf6 15. b4 g5 16. Qb3 Bg7 17. a4 Nd5 18. Bb2 Ne3 19. Rf2 Qg6 20. a5 Nb8 21. Be2 Rhe8 22. Ne5 Rxe5 23. dxe5 g4 24. c4 Qg5 25. Ra3 Bc2 26. Qc3 Nc6 27. Rxf4 Bxe5 28. Qxe3 Bxf4 29. Qf2 Nxb4 30. h4 Qf5 31. a6 b6 32. Nb7 Re8 33. c5 Bd3 34. cxb6 Bh2+ 35. Kxh2 Qxf2 36. Bxg4+ Kb8 37. bxc7+ Kxc7 38. Rc3+ Kb6 0-1

[Event "Split op 12th"]
[Site "Split"]
[Date "2023.08.09"]
[Round "6"]
[White "Zelcic, Robert"]
[Black "Zelic, Mladen"]
[Result "1/2-1/2"]
[WhiteElo "2477"]
[BlackElo "2257"]
[PlyCount "128"]
[EventDate "2023.08.05"]
[EventType "swiss"]
[EventRounds "9"]
[EventCountry "CRO"]
[SourceTitle "CBM 215 Extra"]
[Source "ChessBase"]
[SourceDate "2023.09.30"]
[SourceVersion "1"]
[SourceVersionDate "2023.09.30"]
[SourceQuality "1"]

1. e4 e5 2. Nf3 Nc6 3. d4 exd4 4. Nxd4 Bc5 5. Be3 Qf6 6. c3 Qg6 7. Qf3 Bxd4 8. cxd4 d5 9. Nc3 Nge7 10. Nxd5 Nxd5 11. exd5 Nb4 12. Bb5+ c6 13. dxc6 bxc6 14. 0-0 Bg4 15. Qg3 cxb5 16. Qe5+ Kf8 17. Rfc1 Kg8 18. Rc3 h6 19. Bd2 Nd3 20. Qxb5 Bf3 21. g3 Be2 22. Qb3 Kh7 23. Qc2 Rab8 24. b3 Nb4 25. Qxg6+ Kxg6 26. Re1 Rhe8 27. Re3 Rxe3 28. fxe3 Bd3 29. Bxb4 Rxb4 30. Rc1 Be4 31. Rc5 f5 32. Kf2 Rb6 33. g4 fxg4 34. Kg3 Bb1 35. Ra5 Re6 36. Kxg4 Rxe3 37. Ra6+ Kh7 38. d5 Re4+ 39. Kf3 Rd4 40. d6 Bd3 41. Rxa7 Rxd6 42. b4 Rb6 43. a3 Kg6 44. Ke3 Bf1 45. Kd4 Kf6 46. Rc7 g5 47. Rc1 Bg2 48. Rg1 Bf3 49. Rb1 Ra6 50. Rb3 Bd1 51. Rh3 Kf5 52. b5 Ra5 53. b6 h5 54. Rd3 Be2 55. b7 Rb5 56. Re3 Rxb7 57. Rxe2 Ra7 58. Ra2 g4 59. a4 h4 60. Ke3 Ra5 61. Ra1 Ke5 62. Ra2 Kf5 63. Ra1 Ke5 64. Ra2 Kf5 1/2-1/2

[Event "CRO-chT1B 30th"]
[Site "Porec"]
[Date "2022.09.28"]
[Round "5.46"]
[White "Tomerlin, Sinisa"]
[Black "Zelic, Mladen"]
[Result "1/2-1/2"]
[WhiteElo "2184"]
[BlackElo "2210"]
[PlyCount "48"]
[EventDate "2022.09.24"]
[EventType "team-tourn"]
[EventRounds "9"]
[EventCountry "CRO"]
[SourceTitle "CBM 210 Extra"]
[Source "ChessBase"]
[SourceDate "2022.11.30"]
[SourceVersion "1"]
[SourceVersionDate "2022.11.30"]
[SourceQuality "1"]
[WhiteTeam "Pozega"]
[BlackTeam "Bibinje Goran"]
[WhiteTeamCountry "CRO"]
[BlackTeamCountry "CRO"]

1. Nf3 f5 2. d3 Nc6 3. g3 e5 4. Bg2 Nf6 5. 0-0 Be7 6. c4 0-0 7. Nc3 d6 8. a3 Qe8 9. e3 Qh5 10. Ne1 Qh6 11. f4 g5 12. Nf3 g4 13. Ng5 Nh5 14. Nd5 Bd8 15. b4 Ne7 16. Bb2 c6 17. Nxe7+ Bxe7 18. c5 Bxg5 19. fxg5 Qxg5 20. cxd6 Bd7 21. Qb3+ Rf7 22. Rae1 Re8 23. b5 Ng7 24. d4 e4 1/2-1/2

[Event "Split op 11th"]
[Site "Split"]
[Date "2022.07.20"]
[Round "6"]
[White "Zelic, Mladen"]
[Black "Haverkamp, Klaus"]
[Result "1-0"]
[WhiteElo "2235"]
[BlackElo "1857"]
[PlyCount "37"]
[EventDate "2022.07.16"]
[EventType "swiss"]
[EventRounds "9"]
[EventCountry "CRO"]
[SourceTitle "CBM 209 Extra"]
[Source "ChessBase"]
[SourceDate "2022.09.30"]
[SourceVersion "1"]
[SourceVersionDate "2022.09.30"]
[SourceQuality "1"]

1. e4 e5 2. f4 exf4 3. Nf3 d6 4. d4 g5 5. Nc3 g4 6. Bc4 gxf3 7. Qxf3 c6 8. Bxf4 Qf6 9. Qe3 Bg4 10. 0-0 Bh5 11. e5 Qe7 12. Qh3 d5 13. Qxh5 dxc4 14. Ne4 Qe6 15. Ng5 Qg6 16. Qh3 Na6 17. e6 fxe6 18. Rae1 Nf6 19. Qxe6+ 1-0

[Event "Solta op 5th"]
[Site "Grohote"]
[Date "2022.07.07"]
[Round "6"]
[White "Zelic, Mladen"]
[Black "Grochtmann, Stephan"]
[Result "1/2-1/2"]
[WhiteElo "2235"]
[BlackElo "2010"]
[PlyCount "60"]
[EventDate "2022.07.02"]
[EventType "swiss"]
[EventRounds "9"]
[EventCountry "CRO"]
[SourceTitle "EXT 2023"]
[Source "ChessBase"]
[SourceDate "2022.10.05"]
[SourceVersion "1"]
[SourceVersionDate "2022.10.05"]
[SourceQuality "1"]

1. e4 e5 2. f4 d5 3. exd5 exf4 4. Nf3 Nf6 5. Bc4 Nxd5 6. 0-0 Be6 7. Qe2 Be7 8. Nc3 Nc6 9. d4 0-0 10. Bxd5 Bxd5 11. Nxd5 Qxd5 12. Bxf4 Bd6 13. Qd2 Rad8 14. c3 Rfe8 15. b3 Re4 16. Bxd6 Qxd6 17. Rae1 Rde8 18. Rxe4 Rxe4 19. Qd3 Re7 20. Nd2 Qg6 21. Qh3 f6 22. Nf3 Qe8 23. d5 Ne5 24. Nd4 Rd7 25. c4 c6 26. Qg3 Qe7 27. Nf5 Qc5+ 28. Qe3 Qxe3+ 29. Nxe3 cxd5 30. Nxd5 b5 1/2-1/2

[Event "Solta op 5th"]
[Site "Grohote"]
[Date "2022.07.04"]
[Round "4"]
[White "Polok, Kacper"]
[Black "Zelic, Mladen"]
[Result "1-0"]
[WhiteElo "2215"]
[BlackElo "2235"]
[PlyCount "35"]
[EventDate "2022.07.02"]
[EventType "swiss"]
[EventRounds "9"]
[EventCountry "CRO"]
[SourceTitle "EXT 2023"]
[Source "ChessBase"]
[SourceDate "2022.10.05"]
[SourceVersion "1"]
[SourceVersionDate "2022.10.05"]
[SourceQuality "1"]

1. e4 e5 2. Nf3 Nc6 3. Bb5 f5 4. Nc3 Nf6 5. exf5 e4 6. Ng5 d5 7. d3 h6 8. Ne6 Bxe6 9. fxe6 Qd6 10. dxe4 Qxe6 11. 0-0 dxe4 12. Re1 Bc5 13. Nxe4 Nxe4 14. Qf3 0-0-0 15. Rxe4 Qd5 16. Bd3 Ne5 17. Qf5+ Qd7 18. Rxe5 1-0

[Event "Solta op 5th"]
[Site "Grohote"]
[Date "2022.07.02"]
[Round "1"]
[White "Zelic, Mladen"]
[Black "Sagovac, Kristijan"]
[Result "1/2-1/2"]
[WhiteElo "2235"]
[BlackElo "1879"]
[PlyCount "58"]
[EventDate "2022.07.02"]
[EventType "swiss"]
[EventRounds "9"]
[EventCountry "CRO"]
[SourceTitle "EXT 2023"]
[Source "ChessBase"]
[SourceDate "2022.10.05"]
[SourceVersion "1"]
[SourceVersionDate "2022.10.05"]
[SourceQuality "1"]

1. e4 c5 2. d4 cxd4 3. c3 dxc3 4. Nxc3 e6 5. Nf3 Bc5 6. Bc4 Ne7 7. 0-0 0-0 8. Bf4 Nbc6 9. e5 Nf5 10. Ne4 Be7 11. g4 Nh4 12. Nxh4 Bxh4 13. g5 Ne7 14. Qg4 Ng6 15. Rad1 d5 16. exd6 e5 17. d7 exf4 18. Qf5 b5 19. Qxb5 Bxd7 20. Rxd7 Qb8 21. Rb7 Qe5 22. Re1 Bxg5 23. Rxf7 Qxb5 24. Rxf8+ Kxf8 25. Bxb5 Be7 26. Kg2 Rc8 27. Rd1 Rc2 28. Rd2 Rxd2 29. Nxd2 Ne5 1/2-1/2

[Event "CRO-chT1B 29th"]
[Site "Mali Losinj"]
[Date "2021.10.01"]
[Round "9.5"]
[White "Zelic, Mladen"]
[Black "Vernacki, Srdjan"]
[Result "1/2-1/2"]
[WhiteElo "2244"]
[BlackElo "2265"]
[PlyCount "54"]
[EventDate "2021.09.25"]
[EventType "team-tourn"]
[EventRounds "11"]
[EventCountry "CRO"]
[SourceTitle "CBM 204 Extra"]
[Source "ChessBase"]
[SourceDate "2021.11.30"]
[SourceVersion "1"]
[SourceVersionDate "2021.11.30"]
[SourceQuality "1"]
[WhiteTeam "Bibinje Goran"]
[BlackTeam "Strigova Stridon"]
[WhiteTeamCountry "CRO"]
[BlackTeamCountry "CRO"]

1. e4 c6 2. d4 d5 3. exd5 cxd5 4. Bd3 Nc6 5. c3 g6 6. Nf3 Nf6 7. 0-0 Bf5 8. Bxf5 gxf5 9. Bf4 e6 10. Re1 Rg8 11. Qb3 Qd7 12. Nbd2 Be7 13. Ne5 Nxe5 14. Bxe5 Ne4 15. Nxe4 fxe4 16. c4 f6 17. Bg3 Kf7 18. Rac1 Rac8 19. cxd5 Qxd5 20. Qe3 Rxc1 21. Rxc1 Rd8 22. h3 Qxd4 23. Qh6 Kg8 24. Rc7 Rd7 25. Rc8+ Rd8 26. Rc7 Rd7 27. Rc8+ Rd8 1/2-1/2

[Event "Zadar op-A 25th"]
[Site "Zadar"]
[Date "2018.12.22"]
[Round "9"]
[White "Zelic, Mladen"]
[Black "Sapale, Saloni"]
[Result "1-0"]
[WhiteElo "2274"]
[BlackElo "2187"]
[PlyCount "87"]
[EventDate "2018.12.15"]
[EventType "swiss"]
[EventRounds "9"]
[EventCountry "CRO"]
[SourceTitle "EXT 2021"]
[Source "ChessBase"]
[SourceDate "2020.10.23"]
[SourceVersion "1"]
[SourceVersionDate "2020.10.23"]
[SourceQuality "1"]

1. e4 e6 2. d4 d5 3. Nc3 Bb4 4. Nge2 dxe4 5. a3 Bxc3+ 6. Nxc3 Nc6 7. Bf4 Nf6 8. Bb5 Nd5 9. Qd2 Bd7 10. 0-0-0 Nxc3 11. Qxc3 Ne7 12. Bxd7+ Qxd7 13. Qxc7 Qxc7 14. Bxc7 Nd5 15. Bg3 Rc8 16. Rhe1 f5 17. f3 e3 18. Be5 Rg8 19. c3 g5 20. Kc2 f4 21. Kd3 b5 22. Re2 Kf7 23. Ke4 Rge8 24. g3 fxg3 25. hxg3 Kg6 26. Rh1 h5 27. Reh2 Rh8 28. Bxh8 Rxh8 29. Kd3 Rf8 30. Ke4 a5 31. Ke5 Rxf3 32. Kxe6 Nf6 33. Rg1 Ng4 34. Re2 Rf6+ 35. Kd5 Rf2 36. Rge1 h4 37. gxh4 gxh4 38. Rxe3 Nxe3+ 39. Rxe3 Kg5 40. Kc6 Kg4 41. d5 h3 42. d6 Rg2 43. Re8 Rg3 44. Rh8 1-0

[Event "Zadar op-A 25th"]
[Site "Zadar"]
[Date "2018.12.21"]
[Round "8"]
[White "Kantorik, Marian"]
[Black "Zelic, Mladen"]
[Result "1/2-1/2"]
[WhiteElo "2223"]
[BlackElo "2274"]
[PlyCount "61"]
[EventDate "2018.12.15"]
[EventType "swiss"]
[EventRounds "9"]
[EventCountry "CRO"]
[SourceTitle "CBM 187 Extra"]
[Source "ChessBase"]
[SourceDate "2018.11.04"]
[SourceVersion "1"]
[SourceVersionDate "2018.11.04"]
[SourceQuality "1"]

1. d4 f5 2. g3 Nf6 3. Bg2 g6 4. b3 Bg7 5. Bb2 0-0 6. c4 c6 7. Nd2 d5 8. Nh3 Kh8 9. 0-0 Be6 10. Nf4 Bg8 11. Rc1 Nbd7 12. cxd5 Nxd5 13. Nd3 a5 14. a3 Qb6 15. Nc4 Qa6 16. Nce5 Nxe5 17. Nxe5 Rfd8 18. Qc2 Qb6 19. h4 Nf6 20. Nc4 Qc7 21. e3 Bd5 22. Ne5 Bxg2 23. Kxg2 e6 24. Nd3 Qe7 25. Qc4 Ne4 26. Qc2 Rac8 27. Rfd1 b6 28. Qe2 Qb7 29. Kg1 Nf6 30. Nf4 Re8 31. Kg2 1/2-1/2

[Event "CRO-chT1B 27th"]
[Site "Biograd"]
[Date "2018.09.20"]
[Round "6.35"]
[White "Vujakovic, Branko"]
[Black "Zelic, Mladen"]
[Result "1/2-1/2"]
[WhiteElo "2340"]
[BlackElo "2266"]
[PlyCount "52"]
[EventDate "2018.09.15"]
[EventType "team-swiss"]
[EventRounds "9"]
[EventCountry "CRO"]
[SourceTitle "CBM 186 Extra"]
[Source "ChessBase"]
[SourceDate "2018.08.24"]
[SourceVersion "1"]
[SourceVersionDate "2018.08.24"]
[SourceQuality "1"]
[WhiteTeam "Zagreb Hask Mladost"]
[BlackTeam "Bibinje Goran"]
[WhiteTeamCountry "CRO"]
[BlackTeamCountry "CRO"]

1. e4 e5 2. Nf3 Nc6 3. Bb5 f5 4. d4 fxe4 5. Bxc6 dxc6 6. Nxe5 Nf6 7. Nc3 Bd6 8. Bg5 0-0 9. Qe2 Qe8 10. Bxf6 gxf6 11. Nc4 f5 12. Nxd6 cxd6 13. Qe3 f4 14. Qe2 d5 15. 0-0-0 Qg6 16. f3 Bf5 17. Rde1 Rae8 18. Rhf1 Kh8 19. fxe4 Bxe4 20. Qd2 Qd6 21. Rf2 Re6 22. Ref1 Ref6 23. Ne2 Bxg2 24. Rxg2 f3 25. Rgf2 fxe2 26. Qxe2 Rxf2 1/2-1/2

[Event "CRO-chT1B 27th"]
[Site "Biograd"]
[Date "2018.09.17"]
[Round "3.55"]
[White "Zelic, Mladen"]
[Black "Tomulic, Teo"]
[Result "1-0"]
[WhiteElo "2266"]
[BlackElo "2264"]
[PlyCount "63"]
[EventDate "2018.09.15"]
[EventType "team-swiss"]
[EventRounds "9"]
[EventCountry "CRO"]
[SourceTitle "CBM 186 Extra"]
[Source "ChessBase"]
[SourceDate "2018.08.24"]
[SourceVersion "1"]
[SourceVersionDate "2018.08.24"]
[SourceQuality "1"]
[WhiteTeam "Bibinje Goran"]
[BlackTeam "Rijeka Junior"]
[WhiteTeamCountry "CRO"]
[BlackTeamCountry "CRO"]

1. e4 e5 2. f4 Bc5 3. Nf3 d6 4. Nc3 Nc6 5. Bc4 Nf6 6. d3 Qe7 7. f5 Na5 8. Bg5 c6 9. a3 Nxc4 10. dxc4 a5 11. Qd3 h6 12. Be3 Bxe3 13. Qxe3 d5 14. cxd5 cxd5 15. exd5 Bxf5 16. 0-0-0 Ng4 17. Qb6 Ra6 18. Qb5+ Kf8 19. Rhe1 Qc7 20. h3 Nf6 21. Nxe5 Kg8 22. Qf1 Bc8 23. Qd3 Nd7 24. d6 Qd8 25. Nxf7 Kxf7 26. Re7+ Qxe7 27. dxe7 Kxe7 28. Nd5+ Kf7 29. Re1 Nf6 30. Re7+ Kf8 31. Qg6 Rg8 32. Qf7# 1-0